000 00365nam a22001457a 4500
003 OSt
005 20160727222356.0
008 160622b xxu||||| |||| 00| 0 eng d
040 _cTEST
100 _9530
_aEuropa Publications
245 _aAfrica South of the Sahara 1990
260 _aENG
_bEuropa
_c1989
300 _aAfrica South of the Sahara 1990
942 _2ddc
_cBK
999 _c440
_d440